Happysad #tekstypolskichpiosenek - Statystyki

Ogólne statystyki
  • Ten quiz został rozwiązany 164 razy
  • Średni wynik to 7 z 15
Statystyki odpowiedzi
Tekst piosenki Tytuł % Poprawnych
Kiedy przychodziła jesień, zrzucali tam węgiel i jabłka. I tam całowaliśmy się pierwszy raz. W piwnicy u dziadka
90%
Miłość to żaden film w żadnym kinie ani róże ani całusy małe, duże. Ale miłość - kiedy jedno spada w dół, drugie ciągnie je ku górze Zanim pójdę
83%
Nie puszczę cię, nigdzie sama stąd nie pójdziesz, zostaniesz tu, ja będę czekał aż uśniesz Łydka
69%
I czarną kawę zmieni w płyn, kiedy dni skute lodem. A kiedy z nieba poleje się żar, poczęstuje chłodem. Taką wodą być
61%
Hej, ja przed tobą się rozbieram. Zrzucam zmięte, brudne myśli. I przed tobą umieram Bez znieczulenia
56%
Ale nie jest źle, przecież wiem że i tak kochasz mnie. Wszak i ja, kocham ciebie i tak. 30 raz
51%
Próbuję otworzyć oczy, huk rozlepianych powiek wiruje mi w głowie. Powietrze jakieś takie cięższe, chłepcę je chłepcę, powoli na zewnątrz i do środka Z pamiętnika młodej zielarki
50%
Bo wszystkie drogi stad prowadza na tory. Wszystkie drogi stad na kolejowy most. Staram się z całych sil lekceważyć niedosyt Na ślinę
44%
Tak często Cię widzę, choć tak rzadko spotykam, smaku Twego nie znam, choć tak często Cię mam na końcu języka. Długa droga w dół
43%
Kiedyś kupię nóż i powyrzynam wszystkich wkoło. Kupię nóż. Zostawię tylko dwoje. Ja do Ciebie
41%
A jeśli bomba, to tylko witaminowa! A jeśli rewolucja, to tylko seksualna! A jeśli tęsknota, to tylko chwilowa, taka na moment, na sekundę, kiedy się schowasz pod kołdrę! My się nie chcemy bić
36%
Mamy spore szanse, przeżyć jeszcze jeden taki dzień Jeśli nie rozjadą nas czołgi
29%
Wszystko czego pragnę, czego chce, spala się zanim wyciągnę po to ręce, spala się Odpocznijmy
27%
Ty jesteś jednym a ja drugim końcem, daleko nam do siebie strasznie... Słońce
27%
Nie liczy się nic, liczą się przyspieszone tętna Hymn 78
23%
Nie znaleziono quizów pasujących do podanych kryteriów
Rozkład punktacji
Procent ludzi z każdym wynikiem
Percentyl według liczby udzielonych odpowiedzi
Twoja historia wyników
Nie rozwiązałeś tego quizu